Todas as músicas do Now United - Jun/2024 - Statistics

Estatísticas Gerais
  • Esse quiz foi jogado 101 vezes
  • A pontuação média é 33 de 76
Estatísticas das Respostas
Músicas % Correto
Summer in the city
97%
All day
90%
Na na na
88%
Parana
82%
Who would think that love
78%
Legends
76%
Crazy, Stupid, Silly Love
72%
Afraid of letting go
69%
Come together
69%
Lean On Me
69%
One Love
69%
Fiesta
64%
Golden
64%
Dana Dana
63%
Habibi
63%
Pas Le Choix
63%
Turn it Up
63%
Beautiful life
61%
Like that
61%
Sunday Morning
61%
Somebody
60%
What are we waiting for
60%
Better
58%
Wave Your Flag
58%
Baila
57%
How we do it
57%
Live this moment
57%
Momento
57%
Chained Up
55%
Jump
51%
By my side
49%
Let me be the one
49%
Dance Like That
46%
Nobody fools me twice
46%
Wake up
45%
NU Party
42%
Paradise
42%
All Around The World
40%
Feel it now
40%
Future Me
40%
Hewale
40%
You give me something
40%
Heartbreak On The Dancefloor
39%
Ikou
39%
Clockwork
37%
When You Love Somebody
37%
Good Intentions
36%
Hoops
36%
Let the Music Move you
36%
Stand Together
36%
All Night Long
33%
The Weekend's Here
33%
Like Me
31%
Pata Pata
31%
Badna Nehlam
30%
Rodeo in Tokyo
28%
Odo
27%
Holiday
24%
Nobody Like Us
24%
How Far We've Come
22%
Run Till Dark
22%
It's Your Birthday
21%
Flex That Ego
19%
Show you how to love
19%
Anything for you
18%
I Love Your Smile
16%
I Got You
15%
Love is Love
15%
Dabke
12%
Cotton Candy
10%
Love Myself
10%
Find Your Fire
9%
It's Gonna Be Alright
9%
Throwback
9%
U & Me
9%
True Love Ways
7%
Nenhum quiz correspondente encontrado
Distribuição das Pontuações
Porcentagem de Pessoas com Cada Pontuação
Percentil de Números Respondidos
Sua Pontuação Histórica
Você não jogou esse quiz